[Event "Windsor NAYCC U14"]
[Site "Windsor"]
[Date "2016.08.11"]
[Round "8.82"]
[White "Li, Yang"]
[Black "Zaid, Shahmeer"]
[Result "1-0"]
[WhiteElo "1119"]
[BlackElo "820"]
[PlyCount "161"]
[EventDate "2016.08.07"]
[EventType "swiss"]
[EventRounds "9"]
[EventCountry "CAN"]
[SourceTitle "EXT 2022"]
[Source "ChessBase"]
[SourceDate "2021.10.06"]
[SourceVersion "1"]
[SourceVersionDate "2021.10.06"]
[SourceQuality "1"]

1. e4 c5 2. Nf3 Nc6 3. Nc3 d6 4. Bc4 e5 5. d3 Nf6 6. Ng5 Be6 7. Bxe6 fxe6 8. Nxe6 Qd7 9. Nxf8 Rxf8 10. h3 h6 11. 0-0 d5 12. exd5 Nxd5 13. Nxd5 Qxd5 14. Qd2 0-0-0 15. Qe2 Rde8 16. Qe4 Qe6 17. a3 a6 18. f4 Rd8 19. fxe5 Rxf1+ 20. Kxf1 Qf7+ 21. Qf4 Qe7 22. Qg4+ Kb8 23. Kg1 Ka7 24. Bf4 Rf8 25. Bg3 Nd4 26. c3 Nf5 27. Bh2 Ne3 28. Qe2 Nf5 29. Rf1 Qe6 30. g4 g6 31. gxf5 gxf5 32. Rf2 Qa2 33. d4 Qa1+ 34. Qf1 Qa2 35. Rxf5 Rxf5 36. Qxf5 Qxb2 37. dxc5 Qxc3 38. e6 Qe1+ 39. Kg2 Qe2+ 40. Kg3 Qe1+ 41. Kg2 Qe2+ 42. Kg3 Qe1+ 43. Kg4 Qe2+ 44. Kh4 Qxh2 45. e7 Qe2 46. Qf8 Qc4+ 47. Kh5 Qxc5+ 48. Kxh6 Qe3+ 49. Kg7 Qg5+ 50. Kf7 Qf4+ 51. Kg8 Qg5+ 52. Qg7 Qd5+ 53. Kf8 Qf5+ 54. Qf7 Qc8+ 55. e8Q Qc5+ 56. Qee7 Qc8+ 57. Kg7 Qc3+ 58. Qff6 Qg3+ 59. Qg6 Qc3+ 60. Kg8 Qc8+ 61. Kh7 Qxh3+ 62. Qh6 Qd3+ 63. Kh8 Qc3+ 64. Qhg7 Qh3+ 65. Kg8 Qc8+ 66. Qef8 Qc4+ 67. Qgf7 Qg4+ 68. Kh8 Qh4+ 69. Kg7 Qd4+ 70. Kg6 Qg4+ 71. Kf6 Qf4+ 72. Ke6 Qe4+ 73. Kd7 Qd4+ 74. Kc8 Qc3+ 75. Qc7 Qh3+ 76. Kd8 Qh4+ 77. Kd7 Qd4+ 78. Ke6 Qe4+ 79. Qe5 Qg6+ 80. Kd5 Qd3+ 81. Qd4+ 1-0

[Event "Windsor NAYCC U14"]
[Site "Windsor"]
[Date "2016.08.09"]
[Round "4.83"]
[White "Li, Yang"]
[Black "Liu, Benjamin"]
[Result "1/2-1/2"]
[WhiteElo "1119"]
[BlackElo "982"]
[PlyCount "85"]
[EventDate "2016.08.07"]
[EventType "swiss"]
[EventRounds "9"]
[EventCountry "CAN"]
[SourceTitle "EXT 2022"]
[Source "ChessBase"]
[SourceDate "2021.10.06"]
[SourceVersion "1"]
[SourceVersionDate "2021.10.06"]
[SourceQuality "1"]

1. e4 c5 2. Nf3 d6 3. Bb5+ Bd7 4. Bxd7+ Nxd7 5. d4 cxd4 6. Qxd4 Ngf6 7. Nc3 g6 8. 0-0 Bg7 9. Re1 0-0 10. Qb4 Nc5 11. Be3 b6 12. Rad1 Nfd7 13. Bd4 Qc7 14. Bxg7 Kxg7 15. Qd4+ f6 16. Qc4 Rad8 17. b4 Na6 18. Qxa6 Qxc3 19. Qxa7 Qxb4 20. Nd4 Qc4 21. Qb7 Rfe8 22. Nc6 Rc8 23. Qxd7 Qxc6 24. Qxc6 Rxc6 25. Re2 Ra8 26. Ra1 b5 27. f3 Rca6 28. c3 Ra3 29. Rb2 Rxc3 30. Rxb5 Rc2 31. a4 Rc6 32. Kf1 Kf7 33. Ke1 Ra7 34. Kd2 Ke6 35. Kd3 Kf7 36. Rb3 Rc5 37. Rc3 Raa5 38. Rc4 d5 39. exd5 Rxd5+ 40. Kc3 h5 41. Rb1 g5 42. Rbb4 Kg6 43. Rb5 1/2-1/2

[Event "Windsor NAYCC U14"]
[Site "Windsor"]
[Date "2016.08.09"]
[Round "5.83"]
[White "Periappuram, Jacob"]
[Black "Li, Yang"]
[Result "0-1"]
[WhiteElo "873"]
[BlackElo "1119"]
[PlyCount "76"]
[EventDate "2016.08.07"]
[EventType "swiss"]
[EventRounds "9"]
[EventCountry "CAN"]
[SourceTitle "EXT 2022"]
[Source "ChessBase"]
[SourceDate "2021.10.06"]
[SourceVersion "1"]
[SourceVersionDate "2021.10.06"]
[SourceQuality "1"]

1. e4 e5 2. Nf3 Nc6 3. Bc4 Bc5 4. Nc3 Nf6 5. a3 0-0 6. 0-0 Re8 7. d3 h6 8. Be3 Bxe3 9. fxe3 d6 10. h3 Be6 11. Ba2 Bxa2 12. Rxa2 d5 13. Ne2 Qd7 14. Ra1 dxe4 15. dxe4 Qxd1 16. Raxd1 Nxe4 17. Rd7 Rac8 18. Nd2 Nxd2 19. Rxd2 Red8 20. Rfd1 f6 21. b4 Rxd2 22. Rxd2 Rd8 23. Rxd8+ Nxd8 24. c4 Kf7 25. e4 Ne6 26. Kf2 c5 27. b5 Nc7 28. Nc3 a6 29. b6 Na8 30. Na4 Ke7 31. Ke2 Kd6 32. Kd3 Kc6 33. Kc3 Nxb6 34. Nxb6 Kxb6 35. Kb3 Ka5 36. a4 b5 37. cxb5 axb5 38. axb5 Kxb5 0-1

[Event "CAN-ch U14"]
[Site "Windsor"]
[Date "2016.07.08"]
[Round "7.38"]
[White "Li, Yang"]
[Black "Morin, Gabriel"]
[Result "1-0"]
[WhiteElo "1075"]
[BlackElo "795"]
[PlyCount "149"]
[EventDate "2016.07.05"]
[EventType "swiss"]
[EventRounds "7"]
[EventCountry "CAN"]
[SourceTitle "EXT 2022"]
[Source "ChessBase"]
[SourceDate "2021.10.06"]
[SourceVersion "1"]
[SourceVersionDate "2021.10.06"]
[SourceQuality "1"]

1. e4 e5 2. Nf3 Bd6 3. Nc3 Nf6 4. a3 c6 5. d4 Qb6 6. dxe5 Ng4 7. Qe2 Bxe5 8. Nxe5 Nxe5 9. Qe3 Qxe3+ 10. Bxe3 Ng4 11. Bd4 0-0 12. Be2 Nh6 13. 0-0 d6 14. Be3 Ng4 15. Bxg4 Bxg4 16. f3 Be6 17. Rad1 Rd8 18. Bc5 d5 19. exd5 cxd5 20. Rd2 Na6 21. Bf2 Rd7 22. Rfd1 Rad8 23. Nb5 Nc7 24. Nxc7 Rxc7 25. Bxa7 Rc6 26. c4 Rxc4 27. Bb6 Rd7 28. Rd4 Rc6 29. Ba5 b6 30. Bc3 Rc5 31. Bb4 Rc6 32. f4 g6 33. g3 h5 34. Bc3 Rc8 35. Rb4 Rc6 36. Rb5 f5 37. Bd4 Ra7 38. a4 Bf7 39. a5 Re6 40. Rxb6 Rxb6 41. axb6 Re7 42. Kf2 Be8 43. Ra1 Bc6 44. Rc1 Re4 45. Rxc6 Rxd4 46. b7 Rd2+ 47. Kg1 Rd1+ 48. Kg2 Rd2+ 49. Kh3 Rxb2 50. Rc8+ Kf7 51. b8Q Rxb8 52. Rxb8 Ke6 53. Rd8 Kf6 54. Rxd5 g5 55. fxg5+ Kxg5 56. Kg2 Kg4 57. h3+ Kg5 58. Kf3 Kg6 59. g4 hxg4+ 60. hxg4 fxg4+ 61. Kxg4 Kf6 62. Kf4 Ke6 63. Ke4 Kf6 64. Re5 Kf7 65. Kf5 Kg7 66. Re6 Kf7 67. Ke5 Kg7 68. Rf6 Kg8 69. Kf5 Kg7 70. Kg5 Kh7 71. Rg6 Kh8 72. Kf6 Kh7 73. Rg2 Kh8 74. Kf7 Kh7 75. Rh2# 1-0

[Event "CAN-ch U14"]
[Site "Windsor"]
[Date "2016.07.07"]
[Round "4.35"]
[White "Chertkow, Matthew"]
[Black "Li, Yang"]
[Result "1-0"]
[WhiteElo "1325"]
[BlackElo "1075"]
[PlyCount "45"]
[EventDate "2016.07.05"]
[EventType "swiss"]
[EventRounds "7"]
[EventCountry "CAN"]
[SourceTitle "EXT 2022"]
[Source "ChessBase"]
[SourceDate "2021.10.06"]
[SourceVersion "1"]
[SourceVersionDate "2021.10.06"]
[SourceQuality "1"]

1. e4 e5 2. Nf3 Nc6 3. Nc3 Bb4 4. a3 Bxc3 5. dxc3 d6 6. Bb5 Bd7 7. 0-0 Nf6 8. Bg5 h6 9. Bh4 a6 10. Bd3 0-0 11. b4 Re8 12. h3 Be6 13. Qe2 d5 14. exd5 Bxd5 15. Rad1 Bxf3 16. Qxf3 Qe7 17. Rfe1 g5 18. Bxg5 hxg5 19. Qf5 Kf8 20. Qxg5 e4 21. Qh6+ Kg8 22. Re3 Qf8 23. Rg3+ 1-0

[Event "CAN-ch U14"]
[Site "Windsor"]
[Date "2016.07.07"]
[Round "5.39"]
[White "Li, Yang"]
[Black "Ekanayake, Aneesha"]
[Result "1-0"]
[WhiteElo "1075"]
[BlackElo "1150"]
[PlyCount "95"]
[EventDate "2016.07.05"]
[EventType "swiss"]
[EventRounds "7"]
[EventCountry "CAN"]
[SourceTitle "EXT 2022"]
[Source "ChessBase"]
[SourceDate "2021.10.06"]
[SourceVersion "1"]
[SourceVersionDate "2021.10.06"]
[SourceQuality "1"]

1. e4 c5 2. Nf3 g6 3. Nc3 Bg7 4. h3 e6 5. Be2 Ne7 6. 0-0 0-0 7. d3 Nbc6 8. Be3 b6 9. d4 cxd4 10. Nxd4 Nxd4 11. Bxd4 Bb7 12. Bxg7 Kxg7 13. Qd4+ Kg8 14. Rad1 Rc8 15. Qxd7 Bc6 16. Qxd8 Rcxd8 17. f3 Rd7 18. Rxd7 Bxd7 19. Rd1 Bc6 20. Rd6 Rc8 21. Ba6 Rb8 22. Bb5 Bxb5 23. Nxb5 Rc8 24. Nxa7 Rxc2 25. Rxb6 Rc1+ 26. Kh2 Nc8 27. Rb8 Kg7 28. Rxc8 Ra1 29. a3 Ra2 30. Rb8 f5 31. exf5 exf5 32. Nc6 Kh6 33. Na5 Ra1 34. Nc4 Rc1 35. Rc8 Rc2 36. b4 Ra2 37. b5 Rc2 38. b6 Rb2 39. a4 g5 40. Nxb2 f4 41. b7 Kh5 42. b8Q h6 43. Rh8 g4 44. fxg4+ Kg5 45. Qe5+ Kg6 46. Qf5+ Kg7 47. Rh7+ Kg8 48. Qf7# 1-0